Statistics for Every Premier League Goalscorer 23/24 - Gameweek #11

Click here to take the quiz!

General Stats

  • This quiz has been taken 23 times
  • The average score is 16 of 30

Answer Stats

ClubvClubGoalscorer% Correct
TottenhamvChelseaNicolas Jackson
83%
TottenhamvChelseaNicolas Jackson
83%
TottenhamvChelseaNicolas Jackson
83%
TottenhamvChelseaCole Palmer
72%
Luton TownvLiverpoolLuis Diaz
72%
Manchester CityvBournemouthPhil Foden
72%
Manchester CityvBournemouthBernardo Silva
67%
Manchester CityvBournemouthBernardo Silva
67%
TottenhamvChelseaDejan Kulusevski
67%
Manchester CityvBournemouthJeremy Doku
67%
FulhamvManchester UnitedBruno Fernandes
61%
Manchester CityvBournemouthNathan Ake
61%
Newcastle UnitedvArsenalAnthony Gordon
56%
BrentfordvWest HamJarrod Bowen
56%
Manchester CityvBournemouthManuel Akanji
56%
BrentfordvWest HamMohammed Kudus
50%
Luton TownvLiverpoolTahith Chong
50%
BurnleyvCrystal PalaceTyrick Mitchell
44%
Sheffield UnitedvWolvesCameron Archer
39%
BrentfordvWest HamNathan Collins
39%
Sheffield UnitedvWolvesOliver Norwood
39%
BurnleyvCrystal PalaceJeffrey Schlupp
33%
BrentfordvWest HamKonstantinos Mavropanos
33%
Nottingham ForestvAston VillaOla Aina
33%
Nottingham ForestvAston VillaOrel Mangala
33%
EvertonvBrighton & Hove AlbionAshley Young
28%
Sheffield UnitedvWolvesJeanricner Bellegarde
28%
Manchester CityvBournemouthLuis Sinisterra
28%
EvertonvBrighton & Hove AlbionVitalii Mykolenko
28%
BrentfordvWest HamNeal Maupay
22%

Score Distribution

Percentile by Number Answered

Percent of People with Each Score

Your Score History

You have not taken this quiz